Libro de la magia y de la poesía (Record no. 82503)

MARC details
000 -LEADER
campo de control de longitud fija 00743nam a2200193 i 4500
001 - NÚMERO DE CONTROL
campo de control 82503
003 - IDENTIFICADOR DE NÚMERO DE CONTROL
campo de control ES-MaACL
007 - CAMPO FIJO DE DESCRIPCIÓN FÍSICA--INFORMACIÓN GENERAL
campo de control de longitud fija t|
008 - DATOS DE LONGITUD FIJA--INFORMACIÓN GENERAL
campo de control de longitud fija 041110s1981 sp ||||1| spa d
100 1# - ENTRADA PRINCIPAL--NOMBRE DE PERSONA
Nombre de persona Ibn al-Jatib, Muhammad b. Abd Allah.
9 (RLIN) 64999
245 10 - MENCIÓN DEL TÍTULO
Título Libro de la magia y de la poesía
Resto del título : antología /
Mención de responsabilidad, etc. Lisán alaDin Ibn Al-Jatib ; edición y traducción [del árabe] por J.M. Continente Ferrer.
260 ## - PUBLICACIÓN, DISTRIBUCIÓN, ETC.
Lugar de publicación, distribución, etc. Madrid :
Nombre del editor, distribuidor, etc. Instituto Hispano-Arabe de Cultura,
Fecha de publicación, distribución, etc. 1981.
300 ## - DESCRIPCIÓN FÍSICA
Extensión L, 208 p. 104 h. ;
Dimensiones 24 cm.
500 ## - NOTA GENERAL
Nota general Texto en español y árabe.
500 ## - NOTA GENERAL
Nota general Indice bibliográfico de poetas: p. [179]-204.
504 ## - NOTA DE BIBLIOGRAFÍA, ETC.
Nota de bibliografía, etc. Bibliografía: p. [205]-208.
700 1# - ENTRADA AGREGADA--NOMBRE PERSONAL
Nombre de persona Continente Ferrer, J. M.
9 (RLIN) 40294
852 ## - LOCALIZACIÓN
Ubicación ES-MaACL
Número de control de estantería L-4202
Sublocalización o colección R.103898
Holdings
Estatus retirado Estado de pérdida Estado de daño No para préstamo Biblioteca de origen Biblioteca actual Ubicación en estantería Fecha de adquisición Fuente de adquisición Total de préstamos Signatura topográfica completa Código de barras Visto por última vez Precio de reemplazo Tipo de ítem Koha
        Biblioteca del Ateneo de Madrid Biblioteca del Ateneo de Madrid Depósito 2 17/01/2008     L-4202 1086221 23/02/2023 23/02/2023 Libro impreso